| 000 | 00000nam##2200000za#4500 |
| 001 | 9.639403 |
| 003 | CaOODSP |
| 005 | 20210624222142 |
| 007 | cr ||||||||||| |
| 008 | 150407|2009||||xxc|||||o f|0| 0 fre|d |
| 040 | |aCaOODSP|bfre |
| 043 | |an-cn--- |
| 086 | 1 |aYM20-11/2009F-PDF |
| 245 | 00|aLes jeunes et la démocratie - séance de dialogue : |h[ressource électronique]|bévénement organisé par la Bibliothèque du Parlement, Ottawa, Canada, le 25 septembre 2009 / |c[par] Amanda Clarke. |
| 260 | |aOttawa - Ontario : |bBibliothèque du Parlement |c2009. |
| 300 | |a27p. |
| 590 | |a12-30-Supp|b2012-06-28 |
| 710 | 1 |aCanada. |bBibliothèque du Parlement. |
| 720 | 1 |aClarke, Amanda |
| 775 | 08|tYouth and democracy - a dialogue session : |w(CaOODSP)9.695257 |
| 856 | 40|ahttp://publications.gc.ca|qPDF|s196 Ko|uhttps://publications.gc.ca/collections/collection_2011/bdp-lop/YM20-11-2009-fra.pdf |